| 000 | 00854nam a22003130a 4500 | ||
|---|---|---|---|
| 001 | PT32867 | ||
| 003 | AR-LpoUNG | ||
| 005 | 20210131230036.0 | ||
| 008 | 191001s2003||||sp |||||||||||||||||spa d | ||
| 020 |
_a8424114574 _c$17.80 |
||
| 040 |
_aAR-LpoUNG _bspa _cAR-LpoUNG _eaacr |
||
| 041 |
_aspa _apor |
||
| 044 | _asp | ||
| 082 | 0 | _aR469 93dic | |
| 245 | 1 | 0 |
_aDiccionario : _bespañol portugués, português espanhol |
| 250 | _aed. | ||
| 260 |
_aLeón : _bEverest, _c2003. |
||
| 300 |
_a766 p. : _btbls., gráfs. |
||
| 650 | 4 | _aDICCIONARIOS | |
| 650 | 4 | _aLENGUA ESPAÑOLA | |
| 650 | 4 | _aLENGUA PORTUGUESA | |
| 650 | 4 | _aMATERIAL DE REFERENCIA | |
| 651 | 4 | _aDOCUMENTOS TEORICOS O METODOLOGICOS | |
| 653 | _aDICCIONARIOS BILINGÜES | ||
| 653 | _aDICCIONARIOS DE PORTUGUES | ||
| 710 | 2 | _aEverest Vértice | |
| 905 | _a32867 | ||
| 942 | _cLSALA | ||
| 999 |
_c1049 _d1049 |
||